Daily Capital City Riddle #182 - Statistics

General Stats
  • This quiz has been taken 31 times
  • The average score is 30 of 36
Answer Stats
Type Answer % Correct
Alphabet Letter I
100%
Alphabet Letter N
100%
Alphabet Letter A
96%
Alphabet Letter B
96%
Alphabet Letter D
96%
Alphabet Letter E
96%
Alphabet Letter G
96%
Found Letter L
96%
Found Letter O
96%
Alphabet Letter R
96%
Found Letter S
96%
Found Letter T
96%
Found Letter H
92%
Alphabet Letter U
92%
Alphabet Letter W
92%
Found Letter C
88%
Found Letter K
88%
Found Letter M
88%
Alphabet Letter P
88%
Alphabet Letter V
85%
Alphabet Letter J
81%
Correctly Placed Letter C
77%
Correctly Placed Letter S
77%
Alphabet Letter Y
77%
Correctly Placed Letter K
73%
Correctly Placed Letter O
73%
Correctly Placed Letter O
73%
Correctly Placed Letter T
73%
Correctly Placed Letter L
69%
Correctly Placed Letter M
69%
Alphabet Letter Q
69%
Alphabet Letter X
69%
Alphabet Letter F
65%
Correctly Placed Letter H
65%
Mystery Capital Stockholm
65%
Alphabet Letter Z
65%
No matching quizzes found
Score Distribution
Percent of People with Each Score
Percentile by Number Answered
Your Score History
You have not taken this quiz